Exploring the role of business diplomacy in enhancing legitimacy during the internationalisation of small and medium-sized enterprises from home to host countries Evidence in Vietnam
| Szerzők: | |
|---|---|
| Dokumentumtípus: | Cikk |
| Megjelent: |
Budapesti Gazdaságtudományi Egyetem
2026
|
| Sorozat: | Prosperitas
early access (online) |
| Tárgyszavak: | |
| doi: | 10.31570/prosp_2026_0175 |
| Kulcsszavak: | Business diplomacy SMEs internationalisation organisational legitimacy Vietnam |
| Online Access: | http://publikaciotar.uni-bge.hu/2613 |
MARC
| LEADER | 00000nab a2200000 i 4500 | ||
|---|---|---|---|
| 001 | publ2613 | ||
| 005 | 20260226093035.0 | ||
| 008 | 260225s2026 hu o 000 zxx d | ||
| 022 | |a 2786-4359 (Online) | ||
| 024 | |a 10.31570/prosp_2026_0175 |2 doi | ||
| 040 | |a BGE Publikációtár Repozitórium |b hun | ||
| 100 | 1 | |a Anh Tuan Tran | |
| 245 | 1 | 0 | |a Exploring the role of business diplomacy in enhancing legitimacy during the internationalisation of small and medium-sized enterprises from home to host countries |b Evidence in Vietnam |c Anh Tuan Tran |h [elektronikus dokumentum] |
| 260 | |a Budapesti Gazdaságtudományi Egyetem |c 2026 | ||
| 300 | |a 1-18 | ||
| 490 | 0 | |a Prosperitas |v early access (online) | |
| 650 | 4 | |a regionális tudományok | |
| 695 | |a Business diplomacy | ||
| 695 | |a SMEs | ||
| 695 | |a internationalisation | ||
| 695 | |a organisational legitimacy | ||
| 695 | |a Vietnam | ||
| 700 | 1 | |a Thu Ha Nguyen |e aut | |
| 856 | 4 | 0 | |u https://publikaciotar.uni-bge.hu/id/eprint/2613/1/exploring-the-role-of-business-diplomacy-in-enhancing-legitimacy-during-the-internationalisation-of-small-and-medium-sized-enterprises-from-home-to-host-countries-evidence-in-vietnam-274.pdf |z Dokumentum-elérés |